Compact steep spectrum and GHZ peaked spectrum radio sources (Record no. 10132)
[ view plain ]
| 000 -LEADER | |
|---|---|
| fixed length control field | 00936nam a2200229Ia 4500 |
| 003 - CONTROL NUMBER IDENTIFIER | |
| control field | IN-BaIIA |
| 008 - FIXED-LENGTH DATA ELEMENTS--GENERAL INFORMATION | |
| fixed length control field | 211028s9999 xx 000 0 eng d |
| 040 ## - CATALOGING SOURCE | |
| Transcribing agency | IIA Library |
| 080 ## - UNIVERSAL DECIMAL CLASSIFICATION NUMBER | |
| Universal Decimal Classification number | 52-77(082.2) |
| Item number | COM |
| 111 ## - MAIN ENTRY--MEETING NAME | |
| Meeting name or jurisdiction name as entry element | Workshop on Compact Steep Spectrum and GHZ Peaked Spectrum Radio Sources |
| Location of meeting | Netherlands |
| Date of meeting or treaty signing | 1990 June 18-19 |
| 9 (RLIN) | 17166 |
| 245 #0 - TITLE STATEMENT | |
| Title | Compact steep spectrum and GHZ peaked spectrum radio sources |
| Remainder of title | workshop held in Dwingeloo the Netherlands on June 18-19, 1990 |
| Statement of responsibility, etc. | edited by C. Fanti…[et al.] |
| 260 ## - PUBLICATION, DISTRIBUTION, ETC. | |
| Place of publication, distribution, etc. | Bologna |
| Name of publisher, distributor, etc. | Consiglio Nazionale Della Richerche |
| Date of publication, distribution, etc. | 1990 |
| 300 ## - PHYSICAL DESCRIPTION | |
| Extent | ii, 234p. |
| 650 ## - SUBJECT ADDED ENTRY--TOPICAL TERM | |
| Topical term or geographic name entry element | Astronomy and Astrophysics Thesaurus |
| 650 ## - SUBJECT ADDED ENTRY--TOPICAL TERM | |
| Topical term or geographic name entry element | Radio Sources |
| 9 (RLIN) | 3666 |
| 650 ## - SUBJECT ADDED ENTRY--TOPICAL TERM | |
| Topical term or geographic name entry element | Spectrum |
| 9 (RLIN) | 17167 |
| 700 ## - ADDED ENTRY--PERSONAL NAME | |
| Personal name | Fanti, C., ed. |
| 9 (RLIN) | 17168 |
| 700 ## - ADDED ENTRY--PERSONAL NAME | |
| Personal name | Fanti, R., ed. |
| 9 (RLIN) | 13475 |
| 700 ## - ADDED ENTRY--PERSONAL NAME | |
| Personal name | O'Dea, C. P., ed. |
| 9 (RLIN) | 17169 |
| 700 ## - ADDED ENTRY--PERSONAL NAME | |
| Personal name | Schilizzi, R. T., ed. |
| 9 (RLIN) | 17170 |
| 942 ## - ADDED ENTRY ELEMENTS (KOHA) | |
| Koha item type | Books |
| Withdrawn status | Lost status | Damaged status | Not for loan | Home library | Current library | Shelving location | Date acquired | Total Checkouts | Full call number | Barcode | Date last seen | Price effective from | Koha item type |
|---|---|---|---|---|---|---|---|---|---|---|---|---|---|
| IIA Library-Bangalore | IIA Library-Bangalore | General Stacks | 12/02/1991 | 52-77(082.2)/ COM | 11042 | 05/11/2021 | 12/02/1991 | Books |